K. P. CHAKRAVARTI WORDS AND PHRASES UNDER THE CONSTITUTION (Record no. 216704)

MARC details
000 -LEADER
fixed length control field 00498nam a22001817a 4500
008 - FIXED-LENGTH DATA ELEMENTS--GENERAL INFORMATION
fixed length control field 260226b |||||||| |||| 00| 0 eng d
020 ## - INTERNATIONAL STANDARD BOOK NUMBER
International Standard Book Number 81-7177-154-5
100 ## - MAIN ENTRY--PERSONAL NAME
Personal name SAHARAY, H.K.
245 ## - TITLE STATEMENT
Title K. P. CHAKRAVARTI WORDS AND PHRASES UNDER THE CONSTITUTION
250 ## - EDITION STATEMENT
Edition statement 2ND ED
260 ## - PUBLICATION, DISTRIBUTION, ETC.
Place of publication, distribution, etc. NEW DELHI
Name of publisher, distributor, etc. EASTERN LAW HOUSE
Date of publication, distribution, etc. 2003
300 ## - PHYSICAL DESCRIPTION
Extent 708P.
500 ## - GENERAL NOTE
General note INCLUDES INDEX
650 ## - SUBJECT ADDED ENTRY
Topical term or geographic name entry element CONSTITUTIONAL LAW - INDIA
700 ## - ADDED ENTRY--PERSONAL NAME
Personal name SAHARAY, M.S.
942 ## - ADDED ENTRY ELEMENTS (KOHA)
Source of classification or shelving scheme Library of Congress Classification
Koha item type Long Loan Book
Holdings
Withdrawn status Lost status Source of classification or shelving scheme Damaged status Not for loan Collection Home library Current library Shelving location Date acquired Inventory number Total checkouts Full call number Barcode Date last seen Copy number Price effective from Koha item type
    Library of Congress Classification     Law Kisii University Library Kisii University Library On Display 02/26/2026 111621   KNS 1760 .S24 2003 A000876 02/26/2026 1 02/26/2026 Long Loan Book
    Library of Congress Classification     Law Kisii University Library Kisii University Library On Display 02/26/2026 111622   KNS 1760 .S24 2003 A000869 02/26/2026 2 02/26/2026 Long Loan Book
    Library of Congress Classification     Law Kisii University Library Kisii University Library On Display 02/26/2026 111623   KNS 1760 .S24 2003 A000874 02/26/2026 3 02/26/2026 Long Loan Book